Cronistas del futuro (Registro nro. 310257)

Detalles MARC
000 -ENCABEZADO
Número de control [NR] 01248nam a2200277ua 4500
001 - NÚMERO DE CONTROL
control field 1334932
005 - FECHA Y HORA DE LA ÚLTIMA TRANSACCIÓN
control field 20180903110527.0
008 - DE LONGITUD FIJA DE DATOS DE ELEMENTOS - INFORMACIÓN GENERAL
Elementos de longitud fija [NR] 180903s2012 ck gr 00011dspa d
020 ## - NUMERO INTERNACIONAL NORMALIZADO PARA LIBROS [R]
Número Internacional Normalizado del libro [NR] 9789587145267
040 ## - FUENTE DE CATALOGACION [NR]
Agencia de catalogación original [NR] CO-BoUCM
Idioma de catalogación [NR] spa
Quien Cataloga Saul Niño
Quien Clasifica Saul Niño
041 0# - CODIGO DE IDIOMA [R]
Código de idioma para texto/pista de sonido o título separado [R] Español
100 1# - ASIENTO PRINCIPAL--NOMBRE PERSONAL [NR]
Nombre personal [NR] Mejía Rivera, Orlando
Fechas asociadas con el nombre [NR] 1961-
ID Autoridad 89354
245 10 - MENCION DE TITULO [NR]
Título [NR] Cronistas del futuro
Parte restante del título [NR] ensayos sobre escritores de ciencia ficción
Mención de responsabilidad, etc. [NR] Orlando Mejía Rivera
260 ## - PUBLICACION, DISTRIBUCION, ETC. (PIE DE IMPRENTA) [R]
Lugar de publicación, distribución, etc. [R] Medellín
Nombre del editor, distribuidor, etc. [R] Editorial Universidad de Antioquia
Fecha de publicación, distribución, etc. [R] 2012
300 ## - DESCRIPCION FISICA [R]
Extensión [R] 125 páginas
490 0# - MENCION DE SERIE [R]
Mención de serie [R] Divulgación científica
600 14 - ASIENTO SECUNDARIO DE MATERIA - NOMBRE PERSONAL [R]
Nombre personal [NR] Wells, Herbert George
Fechas asociadas con el nombre [NR] 1866-1946
Subdivisión general [R] Crítica e interpretación
9 (RLIN) 93507
600 14 - ASIENTO SECUNDARIO DE MATERIA - NOMBRE PERSONAL [R]
Nombre personal [NR] Lem, Stanislaw,
Fechas asociadas con el nombre [NR] 1921-2006
Subdivisión general [R] Crítica e interpretación
9 (RLIN) 93508
600 14 - ASIENTO SECUNDARIO DE MATERIA - NOMBRE PERSONAL [R]
Nombre personal [NR] Disch, Thomas M.,
Fechas asociadas con el nombre [NR] 1939-2008
Subdivisión general [R] Crítica e interpretación
9 (RLIN) 93509
600 14 - ASIENTO SECUNDARIO DE MATERIA - NOMBRE PERSONAL [R]
Nombre personal [NR] Le Guin, Ursula Kroeber
Fechas asociadas con el nombre [NR] 1929-2018
Subdivisión general [R] Crítica e interpretación
9 (RLIN) 93510
600 14 - ASIENTO SECUNDARIO DE MATERIA - NOMBRE PERSONAL [R]
Nombre personal [NR] Rivas, Manuel Antonio de
Subdivisión general [R] Crítica e interpretación
9 (RLIN) 93511
650 #7 - ASIENTO SECUNDARIO DE MATERIA - TERMINO TEMATICO [R]
Término temático o nombre geográfico como elemento de entrada [NR] Literatura y ciencia
Subdivisión general [R] Historia y crítica
9 (RLIN) 18756
Subdivisión de forma [R] Ensayos, conferencias, etc.
650 #7 - ASIENTO SECUNDARIO DE MATERIA - TERMINO TEMATICO [R]
Término temático o nombre geográfico como elemento de entrada [NR] Novela
9 (RLIN) 7878
Subdivisión general [R] Historia y crítica
Subdivisión de forma [R] Ensayos, conferencias, etc.
942 ## - ELEMENTOS DE ENTRADA AGREGADOS (KOHA)
Sistema de clasificación DEWEY
Tema principal Literatura
Tipo de ítem principal el descrito en 300a Libro
Edición 1
Clasificación 809.38715
Parte restante de la signatura top. M516c
Existencias
Fecha de último préstamo Total préstamos Total Renewals Signatura topográfica Código de barras Última vez visto Ejemplar Costo de reposición Price effective from Tipo de ítem Perdido Sistema de clasificación Dañado No prestable Tipo de ítem específico Suprimido Ubicación habitual Ubicación actual Localización Fecha de creación Proveedor Forma de adquisición Costo
22/11/2019 3 7 809.38715 M516c 100157814 09/12/2025 Ej.1 66633.00 17/08/2018 Libro   DEWEY     Libro   Claustro Claustro 2do piso 17/08/2018 15 Compra 66633.00